Namaz-E- Nabvi Sahih Ahadees Ki Roshni Mein / نماز نبوی صحیح احادیث کی روشنی میں (Urdu) / (Record no. 182763)

000 -LEADER
fixed length control field 00496 a2200157 4500
003 - CONTROL NUMBER IDENTIFIER
control field NUST
005 - DATE AND TIME OF LATEST TRANSACTION
control field 20230222125942.0
040 ## - CATALOGING SOURCE
Transcribing agency Nust
082 ## - DEWEY DECIMAL CLASSIFICATION NUMBER
Classification number 297.43,REH
100 ## - MAIN ENTRY--PERSONAL NAME
Personal name Rehman, Shafeequr
9 (RLIN) 109482
245 ## - TITLE STATEMENT
Title Namaz-E- Nabvi Sahih Ahadees Ki Roshni Mein / نماز نبوی صحیح احادیث کی روشنی میں (Urdu) /
Statement of responsibility, etc. Dr Shafeequr Rehman
260 ## - PUBLICATION, DISTRIBUTION, ETC.
Place of publication, distribution, etc. Pakistan,Lahore
Name of publisher, distributor, etc. Darus Slam
300 ## - PHYSICAL DESCRIPTION
Extent 304:p.
650 ## - SUBJECT ADDED ENTRY--TOPICAL TERM
Topical term or geographic name entry element Islam, Way of Islam
9 (RLIN) 109483
942 ## - ADDED ENTRY ELEMENTS (KOHA)
Source of classification or shelving scheme
Koha item type Book
Call number prefix 297.4,REH
Holdings
Withdrawn status Lost status Source of classification or shelving scheme Damaged status Not for loan Permanent Location Current Location Shelving location Date acquired Total Checkouts Full call number Barcode Date last seen Date last checked out Price effective from Koha item type Public note
          Military College of Signals (MCS) Military College of Signals (MCS) General Stacks 12/12/2016 1 297.43,REH MCS33014 10/03/2023 09/22/2023 12/12/2016 Book Almirah No.64, Shelf No.1
          Military College of Signals (MCS) Military College of Signals (MCS) General Stacks 12/12/2016   297.43,REH MCS33015 12/08/2016   12/12/2016 Book Almirah No.64, Shelf No.1
          Military College of Signals (MCS) Military College of Signals (MCS) General Stacks 12/12/2016   297.43,REH MCS33016 12/08/2016   12/12/2016 Book Almirah No.64, Shelf No.1
          Military College of Signals (MCS) Military College of Signals (MCS) General Stacks 12/12/2016   297.43,REH MCS33017 12/08/2016   12/12/2016 Book Almirah No.64, Shelf No.1
          Military College of Signals (MCS) Military College of Signals (MCS) General Stacks 12/12/2016   297.43,REH MCS33018 12/08/2016   12/12/2016 Book Almirah No.64, Shelf No.1
          Military College of Signals (MCS) Military College of Signals (MCS) General Stacks 12/12/2016   297.43,REH MCS33019 12/08/2016   12/12/2016 Book Almirah No.64, Shelf No.1
          Military College of Signals (MCS) Military College of Signals (MCS) General Stacks 12/12/2016   297.43,REH MCS33020 12/08/2016   12/12/2016 Book Almirah No.64, Shelf No.1
          Military College of Signals (MCS) Military College of Signals (MCS) General Stacks 12/12/2016   297.43,REH MCS33021 12/08/2016   12/12/2016 Book Almirah No.64, Shelf No.1
          Military College of Signals (MCS) Military College of Signals (MCS) General Stacks 12/12/2016   297.43,REH MCS33023 12/08/2016   12/12/2016 Book Almirah No.64, Shelf No.1
© 2023 Central Library, National University of Sciences and Technology. All Rights Reserved.